Total Quality Education: profiles of schools that demonstrate the power of deming`s management principles /
محفوظ في:
| المؤلف الرئيسي: | |
|---|---|
| مؤلفون آخرون: | , |
| التنسيق: | كتاب |
| منشور في: |
Indiana :
Phi Delta Kappa Educational Foundation,
1993
|
| الموضوعات: | |
| الوسوم: |
إضافة وسم
لا توجد وسوم, كن أول من يضع وسما على هذه التسجيلة!
|
MARC
| LEADER | 00000nam a2200000Ia 4500 | ||
|---|---|---|---|
| 008 | 150716b1993 U ||||| |||| 00| | E d | ||
| 020 | |a 0873674596 | ||
| 090 | |a 06.02.03 |b 1213 | ||
| 100 | |a Schmoker, Michael J. | ||
| 245 | |a Total Quality Education: profiles of schools that demonstrate the power of deming`s management principles / |c Michael J. Schmoker, Richard B. Wilson | ||
| 260 | |a Indiana : |b Phi Delta Kappa Educational Foundation, |c 1993 | ||
| 300 | |a 171 páginas | ||
| 500 | |a Material en idioma inglés | ||
| 650 | 1 | 4 | |a CALIDAD DE LA EDUCACIÓN |9 11 |
| 700 | 1 | |9 369 |a Schmoker, Michael J | |
| 700 | 1 | |9 370 |a Wilson, Richard B. | |
| 942 | |i 001927 |h 06.02.03 1213 |2 z |c 01 | ||
| 999 | |c 50 |d 50 | ||



